[Event "SVK-ch U08"]
[Site "Tatralandia"]
[Date "2024.04.11"]
[Round "8"]
[White "Bodis, Elias"]
[Black "Mendel, Marko"]
[Result "0-1"]
[WhiteElo "1000"]
[BlackElo "1107"]
[PlyCount "32"]
[EventDate "2024.04.05"]
[EventType "swiss"]
[EventRounds "9"]
[EventCountry "SVK"]
[SourceTitle "CB16_2024"]
[SourceDate "2024.04.17"]
[SourceVersion "1"]
[SourceVersionDate "2024.04.17"]
[SourceQuality "1"]

1. b3 g6 2. Bb2 Nf6 3. Nc3 Bg7 4. d3 0-0 5. Qd2 d5 6. 0-0-0 a6 7. Nf3 d4 8. Nb1 c5 9. e3 Nc6 10. exd4 cxd4 11. c3 e5 12. Ba3 Re8 13. cxd4 exd4 14. Re1 Rxe1+ 15. Qxe1 Qc7 16. Kd1 Bg4 0-1

[Event "SVK-ch U08"]
[Site "Tatralandia"]
[Date "2024.04.10"]
[Round "7"]
[White "Slamka, Matias"]
[Black "Bodis, Elias"]
[Result "0-1"]
[WhiteElo "1387"]
[BlackElo "1000"]
[PlyCount "60"]
[EventDate "2024.04.05"]
[EventType "swiss"]
[EventRounds "9"]
[EventCountry "SVK"]
[SourceTitle "CB16_2024"]
[SourceDate "2024.04.17"]
[SourceVersion "1"]
[SourceVersionDate "2024.04.17"]
[SourceQuality "1"]

1. e4 g6 2. b3 Bg7 3. Nc3 Nf6 4. Bb2 0-0 5. Nf3 Nc6 6. Bc4 d6 7. d3 Bg4 8. Qe2 Nd4 9. Qd2 Bxf3 10. Nd5 e6 11. Ne3 e5 12. Rg1 Bh5 13. Nd5 c6 14. Nxf6+ Qxf6 15. Rf1 Be2 16. Rg1 Bg4 17. h3 Be6 18. Bxe6 fxe6 19. 0-0-0 Qh4 20. f3 Bh6 21. g3 Bxd2+ 22. Rxd2 Qxh3 23. Rf2 Rxf3 24. Bxd4 Rxf2 25. Bxf2 Qh2 26. Rf1 Rf8 27. Kb2 Rxf2 28. Rxf2 Qxf2 29. Ka3 h5 30. b4 Qxg3 0-1

[Event "SVK-ch U08"]
[Site "Tatralandia"]
[Date "2024.04.08"]
[Round "5"]
[White "Bodis, Elias"]
[Black "Virostko, Arlen"]
[Result "1-0"]
[WhiteElo "1000"]
[BlackElo "1046"]
[PlyCount "25"]
[EventDate "2024.04.05"]
[EventType "swiss"]
[EventRounds "9"]
[EventCountry "SVK"]
[SourceTitle "CB16_2024"]
[SourceDate "2024.04.17"]
[SourceVersion "1"]
[SourceVersionDate "2024.04.17"]
[SourceQuality "1"]

1. e4 e5 2. Nf3 d6 3. d4 Nc6 4. d5 Nce7 5. Nc3 Bg4 6. Bg5 Ng6 7. Bxd8 Rxd8 8. h3 Bxf3 9. Qxf3 b6 10. Bb5+ Rd7 11. Bxd7+ Kxd7 12. Qg4+ Kd8 13. 0-0-0 1-0